| 000 | 00501nam a2200181Ia 4500 | ||
|---|---|---|---|
| 008 | 160319s9999 xx 000 0 und d | ||
| 020 | _a9716300581 | ||
| 050 | _a808.85 | ||
| 050 | _b M835 1996 | ||
| 245 | _aMore great speeches for the young orator / | ||
| 245 | _cedited by Marc and Reni Singer ; with Maria Concepcion G. Ebro | ||
| 260 | _aManila : | ||
| 260 | _bTahanan Books for Young Readers, | ||
| 260 | _c1996 | ||
| 300 | _a144 pages ; | ||
| 300 | _c21 cm. | ||
| 650 | _aSpeeches. | ||
| 999 |
_c292194 _d292194 |
||